| 000 | 00557nam a2200217 a 4500 | ||
|---|---|---|---|
| 003 | OSt | ||
| 005 | 20151118163255.0 | ||
| 008 | 020226s1977 esp 001 1 spa d | ||
| 020 | _a84-233-0915-0 | ||
| 040 | _cBMC | ||
| 082 | _a863 | ||
| 100 | 1 |
_929380 _aSánchez Ferlosio, Rafael |
|
| 245 | 1 | 3 |
_aEl Jarama _cRafael Sánchez Ferlosio |
| 250 | _a2ª ed | ||
| 260 |
_aBarcelona _bDestino _c1977 |
||
| 300 |
_a365 p. _c18 cm |
||
| 490 | 0 |
_aDestinolibro _v16 |
|
| 586 | _aPremio Eugenio Nadal 1955 | ||
| 650 | 2 | 4 |
_929289 _aNovela española |
| 942 |
_2ddc _cBK |
||
| 999 |
_c23591 _d23591 |
||